Statistics for NHL Hockey Team Names by Clue

Click here to take the quiz!

General Stats

  • This quiz has been taken 28,177 times
    (14,922 since last reset)
  • The average score is 19 of 31

Answer Stats

Clue Team Name % Correct
Jaws!Sharks
98%
Antarctic birdsPenguins
84%
LucifersDevils
81%
French speakers north of the borderCanadiens
81%
MallardsDucks
78%
Cascade of snowAvalanche
75%
Male monarchsKings
75%
Constellation componentsStars
73%
TyphoonsHurricanes
71%
Petroleum workersOilers
70%
Canadian flagsMaple Leafs
68%
InfernosFlames
67%
Roman leadersSenators
67%
BearsBruins
64%
UntamedWild
63%
Prey huntersPredators
62%
Slang for CanadiansCanucks
61%
Park patrollersRangers
61%
Zeus's angerLightning
59%
Howlers at the moonCoyotes
57%
Azure coatsBlue Jackets
56%
Ebony birds of preyBlackhawks
53%
Wearers of shiny armorGolden Knights
53%
Hot tub water sprayersJets
52%
SwordsSabres
52%
Scarlet airfoilsRed Wings
49%
Seats of governmentCapitals
49%
Peninsula one-uppersIslanders
47%
PilotsFlyers
44%
B.B. KingBlues
42%
Black powerPanthers
38%

Score Distribution

Percentile by Number Answered

Percent of People with Each Score

Your Score History

You have not taken this quiz since the last reset